Về khuôn mặt mới của giáo dục ĐH Việt Nam

Salvato in:
Dettagli Bibliografici
Natura: Libro
Pubblicazione: 2000
Tags: Aggiungi Tag
Nessun Tag, puoi essere il primo ad aggiungerne! !
Thư viện lưu trữ: Mạng thư viện Đại học Đà Nẵng
LEADER 00463nam a22001811a 4500
001 000039176
003 15471
005 20160412021928.0
008 160412s2000 000
082 |a 4V(TK)790 
245 |a Về khuôn mặt mới của giáo dục ĐH Việt Nam  |c Phạm Phụ 
260 |c 2000 
OWN |a LNN 
999 |a From the UDN01 
TYP |a Monograph 
980 |a Mạng thư viện Đại học Đà Nẵng